Skip to main content
Your cart is empty.
Your lists
Log in to create your own lists
Your cookies
العربية
English
العربية
Home
Search
Advanced search
Authority search
About
The noble scholar, jurist, historian
His Excellency Dr. Abdul Wahhab bin Ibrahim Abu Sulaiman, may Allah have mercy on him.
He was born in Umm Al-Qura in the year 1356 AH.
Library catalog
Title
Author
Subject
ISBN
ISSN
Series
Call number
Log in to your account
×
Login:
Password:
Home
MARC view: العقد الثمين في تاريخ البلد الأمين /
Normal view
MARC view
ISBD view
العقد الثمين في تاريخ البلد الأمين / (Record no. 7202)
[
view plain
]
MARC details
000 -LEADER
fixed length control field
01241cam a22003011i 4500
003 - CONTROL NUMBER IDENTIFIER
control field
SA-RiAUC
005 - DATE AND TIME OF LATEST TRANSACTION
control field
20250420093531.0
008 - FIXED-LENGTH DATA ELEMENTS--GENERAL INFORMATION
fixed length control field
241001s1958 xx g 000 0 ara c
040 ## - CATALOGING SOURCE
Original cataloging agency
BSALEHC
Language of cataloging
ara
Transcribing agency
SA-RiAUC
Description conventions
rda
043 ## - GEOGRAPHIC AREA CODE
Geographic area code
a-su---
082 04 - DEWEY DECIMAL CLASSIFICATION NUMBER
Classification number
953.121
Assigning agency
SA-RiAUC
090 ## - LOCALLY ASSIGNED LC-TYPE CALL NUMBER (OCLC); LOCAL CALL NUMBER (RLIN)
Classification number (OCLC) (R) ; Classification number, CALL (RLIN) (NR)
953.121
Local cutter number (OCLC) ; Book number/undivided call number, CALL (RLIN)
ت ق ي
100 1# - MAIN ENTRY--PERSONAL NAME
Personal name
التقي الفاسي، محمد بن أحمد بن علي،
Dates associated with a name
775-832 هجري
Relator term
مؤلف.
245 12 - TITLE STATEMENT
Title
العقد الثمين في تاريخ البلد الأمين /
Statement of responsibility, etc.
محمد بن أحمد بن علي التقي الفاسي ؛ تحقيق محمد حامد الفقي.
246 30 - VARYING FORM OF TITLE
Title proper/short title
تاريخ البلد الأمين
250 ## - EDITION STATEMENT
Edition statement
الطبعة الاولى
264 #1 - PRODUCTION, PUBLICATION, DISTRIBUTION, MANUFACTURE, AND COPYRIGHT NOTICE
Place of production, publication, distribution, manufacture
بيروت:
Name of producer, publisher, distributor, manufacturer
دار الكتب العلمية،
Date of production, publication, distribution, manufacture, or copyright notice
1988
300 ## - PHYSICAL DESCRIPTION
Extent
7 مجلد ؛
Dimensions
26 سم
336 ## - CONTENT TYPE
Content type term
نص
Content type code
txt
Source
rdacontent
Materials specified
كتاب
337 ## - MEDIA TYPE
Media type term
بدون وسيط
Media type code
n
Source
rdamedia
338 ## - CARRIER TYPE
Carrier type term
مجلد
Carrier type code
nc
Source
rdacarrier
590 ## - LOCAL NOTE (RLIN)
Local note
مكتبة الصرعاوي.
651 #7 - SUBJECT ADDED ENTRY--GEOGRAPHIC NAME
Geographic name
مكة المكرمة
General subdivision
تاريخ
Source of heading or term
aucsh
651 #7 - SUBJECT ADDED ENTRY--GEOGRAPHIC NAME
Geographic name
السعودية
Form subdivision
تراجم
Source of heading or term
aucsh
700 1# - ADDED ENTRY--PERSONAL NAME
Personal name
الفقي، محمد حامد،
Dates associated with a name
1892-1959
Relator term
محقق.
942 ## - ADDED ENTRY ELEMENTS (KOHA)
Source of classification or shelving scheme
Dewey Decimal Classification
Koha item type
Books
Suppress in OPAC
No
949 ## - LOCAL PROCESSING INFORMATION (OCLC)
a
SA-JeALM
d
241001
u
mohamedma123
n
1
Holdings
Withdrawn status
Lost status
Source of classification or shelving scheme
Materials specified (bound volume or other part)
Damaged status
Not for loan
Home library
Current library
Date acquired
Total checkouts
Full call number
Barcode
Date last seen
Price effective from
Koha item type
Dewey Decimal Classification
المجلد الاول
DR AbdElwahab Library
DR AbdElwahab Library
04/20/2025
953.121 ت ق ي
000012144
04/20/2025
04/20/2025
Books
Dewey Decimal Classification
المجلد الثاني
DR AbdElwahab Library
DR AbdElwahab Library
04/20/2025
953.121 ت ق ي
000012145
04/20/2025
04/20/2025
Books
Dewey Decimal Classification
المجلد الثالث
DR AbdElwahab Library
DR AbdElwahab Library
04/20/2025
953.121 ت ق ي
000012146
04/20/2025
04/20/2025
Books
Dewey Decimal Classification
المجلد الرابع
DR AbdElwahab Library
DR AbdElwahab Library
04/20/2025
953.121 ت ق ي
000012147
04/20/2025
04/20/2025
Books
Dewey Decimal Classification
المجلد الخامس
DR AbdElwahab Library
DR AbdElwahab Library
04/20/2025
953.121 ت ق ي
000012148
04/20/2025
04/20/2025
Books
Dewey Decimal Classification
المجلد السادس
DR AbdElwahab Library
DR AbdElwahab Library
04/20/2025
953.121 ت ق ي
000012149
04/20/2025
04/20/2025
Books
Dewey Decimal Classification
المجلد السابع
DR AbdElwahab Library
DR AbdElwahab Library
04/20/2025
953.121 ت ق ي
000012150
04/20/2025
04/20/2025
Books
Place hold
Print
Add to your cart
(remove)
Save record
BIBTEX
Dublin Core
MARCXML
MARC (non-Unicode/MARC-8)
MARC (Unicode/UTF-8)
MARC (Unicode/UTF-8, Standard)
MODS (XML)
RIS
ISBD
More searches
Search for this title in:
Other Libraries (WorldCat)
Other Databases (Google Scholar)
Online Stores (Bookfinder.com)
Open Library (openlibrary.org)
Exporting to Dublin Core...
×
Simple DC-RDF
OAI-DC
SRW-DC